Top 100 Biggest Cities in Countries that Start with E - Statistics

General Stats
  • This quiz has been taken 294 times
  • The average score is 20 of 100
Answers on the Map
Answers color-coded by a green-red scale on the quiz's map according to % correct below.
 
Answer Stats
Country City Population % Correct
Egypt Alexandria 5,107,530
98%
Egypt Cairo 9,293,612
98%
Ecuador Quito 1,607,734
98%
Ethiopia Addis Ababa 3,273,000
97%
El Salvador San Salvador 209,600
94%
Estonia Tallinn 437,619
90%
East Timor Dili 244,584
82%
Egypt 10th of Ramadan City 226,953
81%
Ecuador Guayaquil 2,278,691
81%
Egypt Giza 4,212,750
77%
Egypt Luxor 250,704
76%
Egypt Suez 740,874
74%
Eritrea Asmara 896,000
69%
Equatorial Guinea Malabo 257,000
66%
Egypt Port Said 760,152
65%
Egypt Aswan 337,472
56%
Ethiopia Dire Dawa 277,000
29%
Equatorial Guinea Bata 290,000
27%
Egypt Hurghada 195,675
24%
Egypt New Cairo City 302,926
23%
Ecuador Cuenca 329,928
21%
Ethiopia Gondar 323,900
21%
Egypt Asyut 480,516
18%
Egypt Damietta 289,833
18%
Egypt Faiyum 489,377
18%
Egypt Mansoura 570,271
18%
Egypt 6th of October City 355,616
17%
Egypt Ismailia 397,446
17%
Ethiopia Bahir Dar 243,300
16%
El Salvador San Miguel 201,900
16%
El Salvador Santa Ana 230,900
16%
Egypt Tanta 528,672
16%
Ecuador Esmeraldas 154,035
14%
Ethiopia Harar 129,000
14%
Ethiopia Mek'ele 323,700
14%
Ethiopia Awassa 300,100
13%
Ethiopia Nazret 324,000
13%
Egypt Shubra el-Kheima 1,187,747
13%
Egypt Qena 241,422
11%
Egypt Zagazig 396,852
11%
Egypt Beni Suef 246,395
10%
Egypt Damanhour 278,413
10%
Egypt El-Mahalla El-Kubra 543,271
10%
Ecuador Santo Domingo de los Colorados 270,875
10%
Egypt Arish 191,584
9%
Ethiopia Dessie 187,900
9%
Ecuador Manta 217,553
9%
Ecuador Ambato 165,185
8%
Ethiopia Jimma 177,900
8%
Ecuador Loja 170,280
8%
Ecuador Machala 231,260
8%
Egypt Minya 254,523
8%
Egypt Sohag 248,174
8%
Ecuador Durán 230,839
7%
Ethiopia Jijiga 159,300
7%
Egypt Mallawi 190,829
7%
Ecuador Portoviejo 206,682
7%
Egypt El Obour 133,102
6%
Ecuador Ibarra 131,856
6%
Egypt Kafr El-Shaikh 182,186
6%
Egypt Mersa Matruh 153,062
6%
Ecuador Riobamba 146,324
6%
El Salvador Santa Tecla 124,900
6%
Ethiopia Arba Minch 142,900
5%
Egypt Banha 174,518
5%
Egypt Samalut 127,447
5%
El Salvador Apopa 198,500
4%
Ethiopia Bishoftu 147,100
4%
Egypt Girga 140,622
4%
El Salvador Mejicanos 141,400
4%
Ecuador Milagro 133,508
4%
Ecuador Quevedo 150,827
4%
Egypt Shebeen El-Kom 249,611
4%
El Salvador Soyapango 284,700
4%
Egypt Tahta 124,874
4%
Egypt Belkas 125,686
3%
El Salvador Colón 142,400
3%
El Salvador Delgado 118,400
3%
Egypt Desouk 139,794
3%
Ethiopia Hosaena 133,800
3%
Egypt Idku 154,997
3%
El Salvador Ilopango 143,000
3%
Egypt Nasser 123,075
3%
Egypt Qalyub 149,737
3%
Ethiopia Shashamane 147,800
3%
Ethiopia Sodo 145,100
3%
Egypt Akhmim 140,785
2%
Egypt Belbes 170,785
2%
Egypt Minuf 117,107
2%
Egypt Mit Ghamr 140,985
2%
Egypt Abu Kabir 142,420
1%
Egypt Al-Hawamidiyah 149,567
1%
Egypt Al Khusus 468,194
1%
Egypt El Matareya 148,591
1%
Egypt El-Senbellawein 113,717
1%
Egypt Kirdasah 132,716
1%
Egypt Senoures 125,905
1%
Egypt Al Manzalah 116,807
0%
Egypt Ashmoun 115,973
0%
El Salvador Tonacatepeque 146,400
0%
No matching quizzes found
Score Distribution
Percent of People with Each Score
Percentile by Number Answered
Your Score History
You have not taken this quiz